Guess The Sport From 3 Terms - Statistics

General Stats
  • This quiz has been taken 57 times
  • The average score is 6 of 15
Answer Stats
Hint Answer % Correct
Hat Trick | Puck | Slapshot Hockey
93%
Strike | Triple | Shortstop Baseball
86%
Fore | Rough | Iron Golf
79%
Volley | Love | Double Fault Tennis
77%
Split | Lofting | Gutter Bowling
65%
Bye | Wicket | Beamer Cricket
63%
Carry | Shuttlecock | Drive Badminton
56%
Glide | Kickwax | Pole Nordic Skiing
33%
Pebble | House | Bonspiel Curling
21%
Goofy | Chatter | Grab Snowboarding
21%
Domestique | Draft | Cassette Cycling
19%
Pilot | Brakeman | Chicane Bobsled
12%
Beta | Dyno | Sloper Rock Climbing
12%
T1 | Wetsuit | Bricks Triathlon
7%
Invert | Bone | Wake Wakeboarding
5%
No matching quizzes found
Score Distribution
Percent of People with Each Score
Percentile by Number Answered
Your Score History
You have not taken this quiz